Music Quiz

Random Music or Song Quiz

1 Album, 3 Songs (Clips) Quiz Stats

 Plays Quiz Updated Oct 18, 2018

Score 0/60 Timer 13:00
0 Plays Today
Hint Answer % Correct
Album FiveTHE BEATLES
89.3%
Album ElevenADELE
87.2%
Album SixGREEN DAY
86.6%
Album FourTAYLOR SWIFT
85.2%
Album FiveCome Together
80.1%
Album ElevenRolling in the Deep
79.7%
Album FiveHere Comes the Sun
77.4%
Album EightFLEETWOOD MAC
77.1%
Album OnePINK FLOYD
76.6%
Album Eleven'21'
75.3%
Album FourShake It Off
75%
Album TwoIronic
73.9%
Album TwoALANIS MORISSETTE
72.8%
Album Six'American Idiot'
70.5%
Album ThreeSIMON AND GARFUNKEL
70.4%
Album SixBoulevard of Broken Dreams
70.2%
Album SixWake Me Up When September Ends
70%
Album NineR.E.M.
69.5%
Album EightGo Your Own Way
69.1%
Album OneMoney
68.3%
Album EightDon't Stop
67.9%
Album One'The Dark Side of the Moon'
67%
Album TwelveDAVID BOWIE
66.2%
Album ElevenSet Fire to the Rain
63.3%
Album ElevenSomeone Like You
62.6%
Album Eight'Rumours'
60.8%
Album FourBlank Space
59.8%
Album Two'Jagged Little Pill'
58.7%
Album TenCREEDENCE CLEARWATER REVIVAL
58.4%
Album ThreeCecilia
55.6%
Hint Answer % Correct
Album Five'Abbey Road'
55.6%
Album TwoYou Oughta Know
54.7%
Album Four'1989'
51.1%
Album SevenTHE SMITHS
50.5%
Album NineMan on the Moon
49.9%
Album TwelveZiggy Stardust
47.8%
Album ThreeThe Boxer
46.2%
Album TenI Heard It Through the Grapevine
45.7%
Album EightDreams
41.9%
Album NineEverybody Hurts
40.1%
Album Three'Bridge Over Troubled Water'
39.2%
Album TenWho'll Stop the Rain
37.9%
Album TwelveStarman
36.2%
Album OneTime
36%
Album TwelveSuffragette City
35.7%
Album Twelve'The Rise and Fall of Ziggy Stardust and the Spiders from Mars'
31%
Album OneUs and Them
30.1%
Album Nine'Automatic for the People'
29.2%
Album TwoYou Learn
28.6%
Album FiveOh! Darling
27.2%
Album SixJesus of Suburbia
27%
Album TenLookin' Out My Back Door
26.1%
Album FourOut of the Woods
20.9%
Album Seven'The Queen Is Dead'
20.8%
Album SevenThere Is a Light That Never Goes Out
20.5%
Album ThreeEl Condor Pasa (If I Could)
18.2%
Album SevenBigmouth Strikes Again
15.9%
Album NineDrive
13.6%
Album Ten'Cosmo's Factory'
10.6%
Album SevenThe Boy with the Thorn in His Side
9.7%

You're not logged in!

Compare scores with friends on all Sporcle quizzes.
OR
Log In

You Might Also Like...

Show Comments

Extras

Top Quizzes Today


Score Distribution

Your Account Isn't Verified!

In order to create a playlist on Sporcle, you need to verify the email address you used during registration. Go to your Sporcle Settings to finish the process.

Report this User

Report this user for behavior that violates our Community Guidelines.

Details: